[Event "First Saturday 2008 oktober GM"]
[Site "Budapest"]
[Date "2008.10.04"]
[Round "1"]
[White "Seres, Lajos"]
[Black "Collins, Sam"]
[Result "1/2-1/2"]
[WhiteElo "2458"]
[BlackElo "2412"]
[PlyCount "64"]
[EventDate "2008.10.04"]

1. d4 Nf6 2. c4 e6 3. Nf3 d5 4. g3 Bb4+ 5. Bd2 Be7 6. Bg2 O-O 7. O-O c6 8. Bc3
dxc4 9. Ne5 b5 10. a4 Nd5 11. axb5 cxb5 12. Ba5 Qe8 13. b3 Nc6 14. bxc4 bxc4
15. Nxc6 Qxc6 16. e4 Nf6 17. d5 exd5 18. exd5 Qd6 19. Re1 Bg4 20. Qd4 Bd8 21.
Qxc4 Bxa5 22. Rxa5 Rfe8 23. Rxe8+ Rxe8 24. h3 Rc8 25. Qd4 Rc1+ 26. Kh2 Rxb1 27.
hxg4 Rb4 28. Qxa7 Nxg4+ 29. Kg1 Rb1+ 30. Bf1 h5 31. Qd4 Qb4 32. Qxb4 Rxb4
1/2-1/2

[Event "First Saturday 2008 oktober GM"]
[Site "Budapest"]
[Date "2008.10.04"]
[Round "1"]
[White "Fodor, Tamas"]
[Black "Kahn, Evart dr"]
[Result "1/2-1/2"]
[WhiteElo "2388"]
[BlackElo "2297"]
[PlyCount "65"]
[EventDate "2008.10.04"]

1. d4 Nf6 2. c4 e5 3. dxe5 Ng4 4. Nf3 Bc5 5. e3 Nc6 6. a3 a5 7. b3 Ncxe5 8. Bb2
Qf6 9. Nc3 d6 10. h3 Nxf3+ 11. gxf3 Ne5 12. f4 Ng6 13. Qd2 O-O 14. Bd3 c6 15.
O-O-O Qe7 16. Rdg1 d5 17. cxd5 Bxa3 18. h4 Bxb2+ 19. Qxb2 cxd5 20. h5 d4 21.
Nb5 Qc5+ 22. Kd1 dxe3 23. hxg6 hxg6 24. fxe3 Qxe3 25. Qd2 Bg4+ 26. Kc2 Rac8+
27. Nc3 Rxc3+ 28. Qxc3 Rc8 29. Bc4 Bf5+ 30. Kb2 Qf2+ 31. Ka1 b5 32. Rxg6 Bxg6
33. Rh8+ 1/2-1/2

[Event "First Saturday 2008 oktober GM"]
[Site "Budapest"]
[Date "2008.10.04"]
[Round "1"]
[White "Szalanczy, Emil"]
[Black "Duong, The Anh"]
[Result "0-1"]
[WhiteElo "2343"]
[BlackElo "2420"]
[PlyCount "106"]
[EventDate "2008.10.04"]

1. e4 c5 2. Nf3 d6 3. d4 cxd4 4. Nxd4 Nf6 5. Nc3 a6 6. Be3 e5 7. Nb3 Be6 8. Qd2
Be7 9. O-O-O Ng4 10. Kb1 Nd7 11. g3 Nxe3 12. Qxe3 Qb6 13. Qxb6 Nxb6 14. Na5
O-O-O 15. f4 g6 16. Bg2 exf4 17. gxf4 Rd7 18. Rhe1 Bd8 19. Rd4 Kb8 20. Red1 Re8
21. a4 Bf6 22. e5 dxe5 23. Rxd7 Nxd7 24. Ne4 Be7 25. Nxb7 exf4 26. Nbd6 Bxd6
27. Nxd6 Re7 28. b4 Ne5 29. Bf1 Rd7 30. Kc1 Bg4 31. Rd5 Be6 32. Rxe5 Rxd6 33.
Be2 Bc8 34. Bf3 Rd4 35. Re4 Rxe4 36. Bxe4 f5 37. Bd5 Kc7 38. Kd2 Kd6 39. Ba8
Bd7 40. Bb7 a5 41. b5 Kc5 42. Bf3 g5 43. Ke2 g4 44. Bb7 h5 45. h4 Be8 46. Kf2
Bg6 47. Bc8 f3 48. c4 f4 49. Bb7 Kxc4 50. Bc6 Kc5 51. Bb7 Bc2 52. Bc6 Bd1 53.
Be8 g3+ 0-1

[Event "First Saturday 2008 oktober GM"]
[Site "Budapest"]
[Date "2008.10.05"]
[Round "2"]
[White "Horvath, Peter"]
[Black "Duong, The Anh"]
[Result "1-0"]
[WhiteElo "2473"]
[BlackElo "2420"]
[PlyCount "63"]
[EventDate "2008.10.04"]

1. d4 d5 2. c4 c6 3. Nf3 Nf6 4. Nc3 a6 5. a4 Bf5 6. Qb3 Ra7 7. a5 e6 8. Bg5
Nbd7 9. e3 Be7 10. Be2 h6 11. Bh4 O-O 12. O-O Ne4 13. Nxe4 Bxh4 14. Nxh4 Bxe4
15. Nf3 Qe7 16. Nd2 dxc4 17. Bxc4 Bg6 18. Rfd1 e5 19. d5 cxd5 20. Bxd5 Rb8 21.
Nc4 Nf6 22. Nb6 Nxd5 23. Rxd5 Bf5 24. Qc3 Re8 25. Qc5 Qf6 26. Qd6 Be4 27. Qxf6
gxf6 28. Rd6 Kg7 29. f3 Bc6 30. Rad1 f5 31. Rd8 Re6 32. R1d6 1-0

[Event "First Saturday 2008 oktober GM"]
[Site "Budapest"]
[Date "2008.10.05"]
[Round "2"]
[White "Kahn, Evart dr"]
[Black "Szalanczy, Emil"]
[Result "0-1"]
[WhiteElo "2297"]
[BlackElo "2343"]
[PlyCount "114"]
[EventDate "2008.10.04"]

1. b3 c5 2. Bb2 Nc6 3. Nf3 Nh6 4. e3 f6 5. c4 Nf7 6. d4 b6 7. d5 Nce5 8. Nxe5
fxe5 9. Bd3 g6 10. h4 d6 11. h5 g5 12. Nd2 Bh6 13. Qc2 e6 14. Bxh7 exd5 15.
cxd5 Bb7 16. Qd3 g4 17. Bg6 Qe7 18. Nc4 Rd8 19. e4 O-O 20. Bc1 Ng5 21. Qg3 Rf4
22. Bxf4 exf4 23. Qxg4 Bxd5 24. O-O Be6 25. Bf5 b5 26. Nd2 Kh8 27. Nf3 Nxf3+
28. Qxf3 Bf7 29. Bg6 Be6 30. Rad1 Qg5 31. Rd5 Bxd5 32. exd5 Bg7 33. Re1 Be5 34.
Bd3 a6 35. a4 Rg8 36. axb5 axb5 37. Bxb5 Qg4 38. Qxg4 Rxg4 39. Re4 Rg8 40. Ra4
Kg7 41. Bd3 Kh6 42. b4 cxb4 43. Rxb4 Kxh5 44. Be2+ Kg5 45. g3 Kf6 46. g4 Rc8
47. Kg2 Rc2 48. Bd3 Rd2 49. Bf5 Bd4 50. Kf3 Ke5 51. Rxd4 Rxd4 52. Be6 Rd3+ 53.
Ke2 Ra3 54. g5 f3+ 55. Kd2 Kd4 56. g6 Ra2+ 57. Kd1 Kc3 0-1

[Event "First Saturday 2008 oktober GM"]
[Site "Budapest"]
[Date "2008.10.05"]
[Round "2"]
[White "Pitl, Gregory"]
[Black "Fodor, Tamas"]
[Result "1/2-1/2"]
[WhiteElo "2405"]
[BlackElo "2388"]
[PlyCount "63"]
[EventDate "2008.10.04"]

1. d4 d5 2. c4 e6 3. Nc3 Be7 4. Nf3 Nf6 5. Bg5 O-O 6. e3 Nbd7 7. Rc1 a6 8. c5
Ne4 9. Bxe7 Qxe7 10. Be2 c6 11. O-O e5 12. Na4 Rb8 13. Re1 Re8 14. b4 f5 15.
Bf1 Nef6 16. dxe5 Nxe5 17. Nd4 Qf7 18. Nb6 Nfg4 19. f3 Nh6 20. a4 f4 21. e4
dxe4 22. Rxe4 Bf5 23. Bc4 Nxc4 24. Rxe8+ Rxe8 25. Nxc4 Qf6 26. Qd2 Bg6 27. Rd1
Nf7 28. Ne2 Qe6 29. Nd6 Qxe2 30. Nxe8 Qxe8 31. Re1 Qc8 32. Qxf4 1/2-1/2

[Event "First Saturday 2008 oktober GM"]
[Site "Budapest"]
[Date "2008.10.05"]
[Round "2"]
[White "Collins, Sam"]
[Black "Paschall, William M"]
[Result "1-0"]
[WhiteElo "2412"]
[BlackElo "2351"]
[PlyCount "93"]
[EventDate "2008.10.04"]

1. d4 Nf6 2. Bg5 c6 3. Bxf6 gxf6 4. e3 Qb6 5. b3 d5 6. Nf3 Bg4 7. h3 Bxf3 8.
Qxf3 Nd7 9. Bd3 e6 10. O-O f5 11. c4 Qa5 12. Rc1 Bd6 13. Nc3 Ba3 14. Rc2 Bb2
15. b4 Qa3 16. Rb1 Bxc3 17. Rb3 Qa4 18. cxd5 Bxb4 19. dxc6 bxc6 20. Rxc6 O-O
21. Ra6 Ba5 22. Rb5 Qa3 23. Bf1 Qxa2 24. Rbxa5 Qb1 25. Rxa7 Rxa7 26. Rxa7 Rd8
27. Qc6 Qb6 28. Qxb6 Nxb6 29. Be2 Rd7 30. Ra6 Nd5 31. Bf3 f4 32. Ra3 Kg7 33.
Rd3 fxe3 34. fxe3 f5 35. Kf2 f4 36. e4 Nb4 37. Rd2 Nc6 38. d5 Ne5 39. Rd1 Kf6
40. Bg4 Nxg4+ 41. hxg4 exd5 42. Rxd5 Rxd5 43. exd5 Ke5 44. Kf3 Kxd5 45. Kxf4
Kd4 46. g5 Kd3 47. g4 1-0

[Event "First Saturday 2008 oktober GM"]
[Site "Budapest"]
[Date "2008.10.06"]
[Round "3"]
[White "Seres, Lajos"]
[Black "Horvath, Peter"]
[Result "1/2-1/2"]
[WhiteElo "2458"]
[BlackElo "2473"]
[PlyCount "20"]
[EventDate "2008.10.04"]

1. g3 d5 2. Bg2 Nf6 3. Nf3 e6 4. O-O Be7 5. d3 c5 6. Nbd2 Nc6 7. e4 dxe4 8.
dxe4 Qc7 9. Re1 e5 10. c3 O-O 1/2-1/2

[Event "First Saturday 2008 oktober GM"]
[Site "Budapest"]
[Date "2008.10.06"]
[Round "3"]
[White "Paschall, William M"]
[Black "Farago, Ivan"]
[Result "1/2-1/2"]
[WhiteElo "2351"]
[BlackElo "2489"]
[PlyCount "20"]
[EventDate "2008.10.04"]

1. d4 Nf6 2. Nf3 e6 3. Bg5 c5 4. c3 h6 5. Bh4 b6 6. e3 Bb7 7. Nbd2 Be7 8. Bd3
Nc6 9. O-O cxd4 10. exd4 O-O 1/2-1/2

[Event "First Saturday 2008 oktober GM"]
[Site "Budapest"]
[Date "2008.10.06"]
[Round "3"]
[White "Fodor, Tamas"]
[Black "Collins, Sam"]
[Result "1/2-1/2"]
[WhiteElo "2388"]
[BlackElo "2412"]
[PlyCount "182"]
[EventDate "2008.10.04"]

1. d4 d5 2. c4 e6 3. Nc3 Be7 4. cxd5 exd5 5. Bf4 c6 6. Qc2 Bd6 7. Nxd5 Bxf4 8.
Qe4+ Ne7 9. Nxf4 Qa5+ 10. Kd1 Bf5 11. Qe3 Nd7 12. Nf3 Nf6 13. Qa3 Qc7 14. e3
O-O 15. Bd3 Rfe8 16. Rc1 h6 17. h4 Ng4 18. Rc2 a5 19. Kc1 a4 20. Kb1 Ra5 21.
Rhc1 Qd7 22. Bxf5 Nxf5 23. Nd3 f6 24. Rc5 Ra7 25. R5c4 Rea8 26. Nc5 Qf7 27.
R4c2 Nd6 28. Nd3 Nb5 29. Qb4 Kh8 30. Nf4 g5 31. hxg5 hxg5 32. Nd3 Qg6 33. Rh1+
Kg8 34. Qc4+ Kg7 35. d5 Nh6 36. dxc6 bxc6 37. Nc5 Nd6 38. Ne6+ Kg8 39. Qc5 Nhf7
40. Nfd4 a3 41. Nxc6 Ne4 42. Qd4 Rb7 43. b3 Nxf2 44. Rf1 Ne4 45. Ka1 Ng3 46.
Qxf6 Qxf6+ 47. Rxf6 Re8 48. Ncd4 Nh5 49. Rf3 Rbe7 50. Rh3 Nf6 51. Rc6 Nd8 52.
Nxd8 Rxd8 53. Kb1 Nd5 54. Nf5 Re5 55. g4 Ne7 56. Nxe7+ Rxe7 57. Rg6+ Rg7 58.
Rxg7+ Kxg7 59. Kc2 Rc8+ 60. Kd2 Kg6 61. Rh2 Re8 62. Rg2 Re5 63. Rg3 Kf6 64. Kc3
Re4 65. b4 Ke6 66. Kb3 Kd5 67. Kxa3 Kc4 68. Rf3 Rxg4 69. Ka4 Re4 70. Rf5 g4 71.
Rg5 Kc3 72. a3 Kb2 73. Ka5 Kxa3 74. b5 Ra4+ 75. Kb6 Kb3 76. Kc7 Rc4+ 77. Kb8
Rb4 78. Ka7 Ra4+ 79. Kb7 Kc3 80. Rd5 Re4 81. b6 g3 82. Rg5 Rxe3 83. Ka7 Kd2 84.
b7 Ra3+ 85. Kb6 Rb3+ 86. Kc7 Rc3+ 87. Kd8 Rb3 88. Kc8 Rc3+ 89. Kd8 Rb3 90. Rg7
Ke2 91. Kc8 Kf2 1/2-1/2

[Event "First Saturday 2008 oktober GM"]
[Site "Budapest"]
[Date "2008.10.06"]
[Round "3"]
[White "Szalanczy, Emil"]
[Black "Pitl, Gregory"]
[Result "1-0"]
[WhiteElo "2343"]
[BlackElo "2405"]
[PlyCount "97"]
[EventDate "2008.10.04"]

1. e4 e5 2. Nf3 Nc6 3. Bb5 a6 4. Ba4 Nf6 5. O-O Be7 6. Re1 b5 7. Bb3 d6 8. c3
O-O 9. h3 Na5 10. Bc2 d5 11. d3 Nc6 12. Nbd2 Re8 13. a4 Bb7 14. exd5 Nxd5 15.
Ne4 b4 16. a5 Bf8 17. Bb3 h6 18. Bc4 Nf4 19. Be3 Bc8 20. d4 Bf5 21. Ng3 Qf6 22.
Nxe5 Nxe5 23. dxe5 Qxe5 24. Qf3 bxc3 25. bxc3 Nd3 26. Qxf5 Qxf5 27. Nxf5 Nxe1
28. Rxe1 Re5 29. g4 Rxa5 30. Rd1 Ra4 31. Bd5 Rb8 32. Kg2 a5 33. Kf3 c6 34. Bxc6
Rc4 35. Be4 Rxc3 36. Rd7 Rbc8 37. Ne7+ Bxe7 38. Rxe7 R3c7 39. Re5 a4 40. Ra5 h5
41. Rxh5 a3 42. Ra5 Rc3 43. h4 g6 44. h5 Kh7 45. Ra6 Kh8 46. hxg6 fxg6 47. Rxg6
R3c4 48. Ra6 Rf8+ 49. Bf5 1-0

[Event "First Saturday 2008 oktober GM"]
[Site "Budapest"]
[Date "2008.10.07"]
[Round "4"]
[White "Pitl, Gregory"]
[Black "Duong, The Anh"]
[Result "1/2-1/2"]
[WhiteElo "2405"]
[BlackElo "2420"]
[PlyCount "57"]
[EventDate "2008.10.04"]

1. d4 d5 2. c4 c6 3. Nf3 Nf6 4. Nc3 a6 5. e3 e6 6. b3 Bb4 7. Bd2 Nbd7 8. Bd3
O-O 9. O-O Qe7 10. Ne5 Nxe5 11. dxe5 Nd7 12. f4 f5 13. Qc2 Bc5 14. Ne2 a5 15.
Qb2 Ba3 16. Qc2 Nc5 17. Bc1 Bb4 18. a3 Nxd3 19. Qxd3 Bc5 20. Nd4 Bd7 21. Kh1
Bb6 22. a4 c5 23. Ba3 Qf7 24. Nf3 Bc6 25. cxd5 Bxd5 26. Rac1 Rac8 27. Qb5 Qc7
28. Nd2 Ba7 29. Nc4 1/2-1/2

[Event "First Saturday 2008 oktober GM"]
[Site "Budapest"]
[Date "2008.10.07"]
[Round "4"]
[White "Collins, Sam"]
[Black "Szalanczy, Emil"]
[Result "1-0"]
[WhiteElo "2412"]
[BlackElo "2343"]
[PlyCount "61"]
[EventDate "2008.10.04"]

1. e4 c5 2. c3 d6 3. d4 Nf6 4. Bd3 g6 5. dxc5 dxc5 6. e5 c4 7. Qa4+ Bd7 8. Qxc4
Ng4 9. f4 e6 10. Be4 Na6 11. Qe2 Nc5 12. Bc2 Qh4+ 13. g3 Qh5 14. b4 Bc6 15. h3
Nd7 16. Be4 Nh6 17. Bxc6 bxc6 18. Nd2 Nf5 19. Ne4 Be7 20. Nf3 Qh6 21. g4 Nh4
22. Nd4 c5 23. Nc6 cxb4 24. Nxe7 Kxe7 25. f5 Qxc1+ 26. Rxc1 gxf5 27. Qf2 Ng6
28. gxf5 Ngxe5 29. f6+ Kf8 30. Rd1 Rg8 31. Rxd7 1-0

[Event "First Saturday 2008 oktober GM"]
[Site "Budapest"]
[Date "2008.10.07"]
[Round "4"]
[White "Farago, Ivan"]
[Black "Fodor, Tamas"]
[Result "1/2-1/2"]
[WhiteElo "2489"]
[BlackElo "2388"]
[PlyCount "107"]
[EventDate "2008.10.04"]

1. d4 d5 2. c4 dxc4 3. Nf3 Nf6 4. e3 e6 5. Bxc4 c5 6. O-O a6 7. dxc5 Bxc5 8.
Qxd8+ Kxd8 9. Ne5 Ke7 10. Be2 Nbd7 11. Nc4 Rb8 12. Nbd2 Rd8 13. Nb3 Ke8 14. Rd1
Be7 15. e4 b5 16. Nca5 Bb7 17. f3 Nc5 18. Rxd8+ Rxd8 19. Nxb7 Nxb7 20. a4 Nc5
21. Nxc5 Bxc5+ 22. Kf1 b4 23. a5 e5 24. Bxa6 Rd1+ 25. Ke2 Rg1 26. Bb5+ Kd8 27.
a6 Kc8 28. Kd3 Kb8 29. a7+ Bxa7 30. Rxa7 Rd1+ 31. Kc2 Rxc1+ 32. Kxc1 Kxa7 33.
Bc4 Kb6 34. Kd2 Kc5 35. Kd3 g5 36. Bxf7 h6 37. g3 Nd7 38. Be6 Nb8 39. Bd5 Nd7
40. Ke3 Kd6 41. h3 Nc5 42. Bc4 Ke7 43. f4 gxf4+ 44. gxf4 Kf6 45. b3 Nd7 46. Bd5
Nc5 47. Kf3 Nd3 48. fxe5+ Kxe5 49. h4 h5 50. Bf7 Nc5 51. Bxh5 Nxe4 52. Bf7 Nc5
53. Kg4 Kf6 54. Bc4 1/2-1/2

[Event "First Saturday 2008 oktober GM"]
[Site "Budapest"]
[Date "2008.10.07"]
[Round "4"]
[White "Seres, Lajos"]
[Black "Paschall, William M"]
[Result "1/2-1/2"]
[WhiteElo "2458"]
[BlackElo "2351"]
[PlyCount "30"]
[EventDate "2008.10.04"]

1. e4 c5 2. b3 b6 3. Bb2 Bb7 4. Nc3 e6 5. Nf3 Nc6 6. Bc4 a6 7. a4 Nf6 8. e5 d5
9. exf6 dxc4 10. Ne4 Qd5 11. Qe2 Nd4 12. Nxd4 cxd4 13. f3 cxb3 14. cxb3 g5 15.
Qd3 O-O-O 1/2-1/2

[Event "First Saturday 2008 oktober GM"]
[Site "Budapest"]
[Date "2008.10.08"]
[Round "5"]
[White "Paschall, William M"]
[Black "Horvath, Peter"]
[Result "1/2-1/2"]
[WhiteElo "2351"]
[BlackElo "2473"]
[PlyCount "78"]
[EventDate "2008.10.04"]

1. d4 d5 2. c4 e6 3. Nf3 Nf6 4. Bg5 Bb4+ 5. Nc3 Nbd7 6. cxd5 exd5 7. e3 c5 8.
Qc2 c4 9. Nd2 Qa5 10. Bh4 O-O 11. Be2 Re8 12. O-O b5 13. a4 Bxc3 14. bxc3 b4
15. cxb4 Qxb4 16. Rfb1 Qa5 17. Rb5 Qc7 18. Nb1 Ba6 19. Rb2 Qc6 20. Nc3 Rab8 21.
Rab1 Rxb2 22. Rxb2 Ne4 23. Nxe4 Rxe4 24. Bg3 Re8 25. Rb4 g6 26. Qc3 Qe6 27. h4
Nf6 28. Bf4 Ne4 29. Qc2 Qe7 30. Rb8 Rxb8 31. Bxb8 Qxh4 32. Bf3 Qe7 33. Bxe4
dxe4 34. d5 Qb7 35. Be5 Qxd5 36. Qb2 Bb7 37. Bd4 Kf8 38. Qb4+ Ke8 39. Bxa7 Qd1+
1/2-1/2

[Event "First Saturday 2008 oktober GM"]
[Site "Budapest"]
[Date "2008.10.08"]
[Round "5"]
[White "Fodor, Tamas"]
[Black "Seres, Lajos"]
[Result "1-0"]
[WhiteElo "2388"]
[BlackElo "2458"]
[PlyCount "120"]
[EventDate "2008.10.04"]

1. d4 Nf6 2. c4 g6 3. Nc3 Bg7 4. e4 d6 5. Nf3 O-O 6. Be3 Ng4 7. Bg5 h6 8. Bh4
c6 9. Be2 Qc7 10. Qd2 Re8 11. Bg3 Qb6 12. O-O Nf6 13. h3 Nfd7 14. Kh1 a5 15.
Rad1 Na6 16. Nh2 Nc7 17. f4 Ne6 18. Nf3 c5 19. Nd5 Qd8 20. e5 cxd4 21. exd6
exd6 22. f5 Nec5 23. fxg6 fxg6 24. Bd3 Nf8 25. Qf4 Nxd3 26. Rxd3 Bf5 27. Rd2
Rc8 28. Bh4 Ne6 29. Qg3 g5 30. Nxg5 hxg5 31. Rxf5 gxh4 32. Qg6 Nf8 33. Qf7+ Kh8
34. Nf6 Nh7 35. Nxh7 Re1+ 36. Kh2 Qe8 37. Qxe8+ Rcxe8 38. Nf6 R8e5 39. Rf4 Bh6
40. Rxh4 Kg7 41. Rdxd4 Bc1 42. Nh5+ Kf7 43. Ng3 Bxb2 44. Rxd6 Re7 45. Rh7+ Ke8
46. Rxe7+ Rxe7 47. Rd5 a4 48. h4 Re3 49. Nf5 Ra3 50. Nd6+ Ke7 51. Nxb7 Rxa2 52.
c5 Ra1 53. c6 Rc1 54. Nc5 Ba3 55. Nxa4 Rxc6 56. Rd3 Bd6+ 57. Kh3 Be5 58. Rb3
Bd4 59. Nb2 Rc1 60. Nd3 Rh1+ 1-0

[Event "First Saturday 2008 oktober GM"]
[Site "Budapest"]
[Date "2008.10.08"]
[Round "5"]
[White "Kahn, Evart dr"]
[Black "Pitl, Gregory"]
[Result "1/2-1/2"]
[WhiteElo "2297"]
[BlackElo "2405"]
[PlyCount "25"]
[EventDate "2008.10.04"]

1. e4 c5 2. f4 d5 3. exd5 Nf6 4. Bb5+ Nbd7 5. Nc3 a6 6. Bxd7+ Bxd7 7. d3 Bg4 8.
Nf3 Nxd5 9. Nxd5 Qxd5 10. O-O g6 11. h3 Bf5 12. Bd2 O-O-O 13. Ne5 1/2-1/2

[Event "First Saturday 2008 oktober GM"]
[Site "Budapest"]
[Date "2008.10.09"]
[Round "6"]
[White "Horvath, Peter"]
[Black "Pitl, Gregory"]
[Result "0-1"]
[WhiteElo "2473"]
[BlackElo "2405"]
[PlyCount "78"]
[EventDate "2008.10.04"]

1. d4 d5 2. c4 c6 3. Nf3 Nf6 4. Nc3 dxc4 5. a4 Bf5 6. Ne5 Na6 7. e3 Nb4 8. Bxc4
e6 9. O-O Bd6 10. Qe2 Nc2 11. Ra2 Nd5 12. Nd3 Ndb4 13. Nxb4 Nxb4 14. Ra1 Qh4
15. g3 Qg4 16. f3 Qg6 17. e4 Bh3 18. Rd1 O-O-O 19. Be3 f5 20. Kh1 h5 21. Rg1
Be7 22. a5 fxe4 23. Nxe4 Bf5 24. Bf2 a6 25. Ra4 Rhf8 26. Rd1 e5 27. Be1 Nd5 28.
dxe5 h4 29. Bxd5 cxd5 30. Nd6+ Bxd6 31. exd6 Rxd6 32. Rxh4 Re8 33. Qf2 Rde6 34.
Bc3 Kb8 35. Qc5 Bc2 36. Rc1 Qd3 37. Rf4 Bd1 38. Kg2 Re2+ 39. Kh3 Rh8+ 0-1

[Event "First Saturday 2008 oktober GM"]
[Site "Budapest"]
[Date "2008.10.09"]
[Round "6"]
[White "Collins, Sam"]
[Black "Kahn, Evart dr"]
[Result "1-0"]
[WhiteElo "2412"]
[BlackElo "2297"]
[PlyCount "89"]
[EventDate "2008.10.04"]

1. d4 d6 2. e4 e5 3. Nf3 Nc6 4. Bb5 exd4 5. Nxd4 Bd7 6. Nc3 Nxd4 7. Qxd4 Bxb5
8. Nxb5 a6 9. Nc3 Nf6 10. Bg5 Be7 11. O-O-O O-O 12. Rhe1 Nd5 13. Nxd5 Bxg5+ 14.
f4 Bf6 15. Qe3 Be7 16. Kb1 Re8 17. g3 c6 18. Nb6 Rb8 19. Qb3 Qc7 20. h4 Bd8 21.
Nc4 Be7 22. h5 Bf8 23. Nb6 Re6 24. Re3 Rbe8 25. Rde1 d5 26. exd5 Rxe3 27. Rxe3
Rxe3 28. Qxe3 cxd5 29. Nxd5 Qa5 30. c4 Qa4 31. b3 Qd7 32. Qf3 Qf5+ 33. Kb2 b5
34. cxb5 axb5 35. b4 Qe6 36. Qd3 Qe1 37. Kb3 h6 38. f5 Bd6 39. f6 gxf6 40.
Nxf6+ Kg7 41. Qxd6 Qb1+ 42. Kc3 Qe1+ 43. Kd4 Qf2+ 44. Kd5 Qxa2+ 45. Kc5 1-0

[Event "First Saturday 2008 oktober GM"]
[Site "Budapest"]
[Date "2008.10.09"]
[Round "6"]
[White "Farago, Ivan"]
[Black "Duong, The Anh"]
[Result "1-0"]
[WhiteElo "2489"]
[BlackElo "2420"]
[PlyCount "63"]
[EventDate "2008.10.04"]

1. d4 d5 2. c4 c6 3. Nf3 e6 4. Bg5 Be7 5. Bxe7 Qxe7 6. e3 Nf6 7. Nc3 O-O 8. Qc2
Nbd7 9. cxd5 exd5 10. Bd3 Re8 11. O-O Nf8 12. Rab1 a5 13. a3 Ng6 14. b4 Ne4 15.
b5 Bg4 16. Bxe4 dxe4 17. Nd2 f5 18. bxc6 bxc6 19. h3 Bh5 20. Rb6 Rec8 21. Na4
Qc7 22. Qb3+ Qf7 23. Qxf7+ Kxf7 24. g4 fxg4 25. Nxe4 gxh3 26. Nd6+ Ke6 27. Nxc8
Rxc8 28. Kh2 Bf3 29. Kxh3 Ne7 30. Nc5+ Kd5 31. Rb7 Nf5 32. Rd7+ 1-0

[Event "First Saturday 2008 oktober GM"]
[Site "Budapest"]
[Date "2008.10.09"]
[Round "6"]
[White "Seres, Lajos"]
[Black "Szalanczy, Emil"]
[Result "1/2-1/2"]
[WhiteElo "2458"]
[BlackElo "2343"]
[PlyCount "53"]
[EventDate "2008.10.04"]

1. e4 c5 2. Nf3 d6 3. d4 cxd4 4. Nxd4 Nf6 5. Nc3 g6 6. Be3 Bg7 7. f3 Nc6 8. Qd2
O-O 9. Bc4 Bd7 10. O-O-O Rc8 11. Bb3 Ne5 12. Kb1 Nc4 13. Bxc4 Rxc4 14. g4 Qa5
15. g5 Nh5 16. Nd5 Qd8 17. Ne2 Be6 18. Bxa7 b5 19. Bd4 Bxd5 20. exd5 Qd7 21.
Bxg7 Nxg7 22. Nd4 Rfc8 23. Nc6 Nf5 24. a3 e5 25. c3 Kg7 26. Ka1 Ra8 27. Qf2
1/2-1/2

[Event "First Saturday 2008 oktober GM"]
[Site "Budapest"]
[Date "2008.10.09"]
[Round "6"]
[White "Paschall, William M"]
[Black "Fodor, Tamas"]
[Result "1/2-1/2"]
[WhiteElo "2351"]
[BlackElo "2388"]
[PlyCount "31"]
[EventDate "2008.10.04"]

1. c4 e5 2. Nc3 Nf6 3. Nf3 Nc6 4. d4 exd4 5. Nxd4 Bb4 6. e3 O-O 7. Be2 Qe7 8.
O-O Bxc3 9. bxc3 Ne5 10. Qb3 d6 11. a4 Be6 12. Nxe6 Qxe6 13. c5 dxc5 14. Qxb7
Rfb8 15. Qxc7 Rc8 16. Qa5 1/2-1/2

[Event "First Saturday 2008 oktober GM"]
[Site "Budapest"]
[Date "2008.10.10"]
[Round "7"]
[White "Fodor, Tamas"]
[Black "Horvath, Peter"]
[Result "1/2-1/2"]
[WhiteElo "2388"]
[BlackElo "2473"]
[PlyCount "57"]
[EventDate "2008.10.04"]

1. d4 d5 2. c4 e6 3. Nc3 Bb4 4. e3 c5 5. a3 Bxc3+ 6. bxc3 Qc7 7. Qg4 g6 8. Bd2
Ne7 9. Nf3 O-O 10. Qg3 Qc6 11. Ne5 Qa4 12. Bd3 Nbc6 13. O-O Nxe5 14. Qxe5 dxc4
15. Qxc5 cxd3 16. Qxe7 Re8 17. Qf6 Qc6 18. f4 Qe4 19. Rab1 Qf5 20. Qxf5 exf5
21. c4 b6 22. Rb3 Ba6 23. Rc1 Rec8 24. Rbc3 Rc7 25. Kf2 Rac8 26. c5 bxc5 27.
Rxc5 Rxc5 28. Rxc5 Rxc5 29. dxc5 1/2-1/2

[Event "First Saturday 2008 oktober GM"]
[Site "Budapest"]
[Date "2008.10.10"]
[Round "7"]
[White "Szalanczy, Emil"]
[Black "Paschall, William M"]
[Result "1/2-1/2"]
[WhiteElo "2343"]
[BlackElo "2351"]
[PlyCount "24"]
[EventDate "2008.10.04"]

1. e4 Nc6 2. Nf3 e5 3. Bb5 f5 4. Nc3 fxe4 5. Nxe4 Nf6 6. Qe2 Be7 7. d3 d6 8. h3
O-O 9. O-O Kh8 10. Be3 Nxe4 11. dxe4 Be6 12. Rad1 Qe8 1/2-1/2

[Event "First Saturday 2008 oktober GM"]
[Site "Budapest"]
[Date "2008.10.10"]
[Round "7"]
[White "Duong, The Anh"]
[Black "Seres, Lajos"]
[Result "1/2-1/2"]
[WhiteElo "2420"]
[BlackElo "2458"]
[PlyCount "82"]
[EventDate "2008.10.04"]

1. d4 e6 2. Nf3 c5 3. g3 b5 4. Bg2 Bb7 5. O-O Nf6 6. b3 Be7 7. Bb2 O-O 8. Nbd2
cxd4 9. Nxd4 Bxg2 10. Kxg2 Qb6 11. e4 Nc6 12. N4f3 d5 13. exd5 exd5 14. Nh4 d4
15. Nf5 Bb4 16. Nf3 Rfd8 17. Qc1 Rd5 18. Qf4 Re8 19. a3 Re4 20. Qg5 g6 21. axb4
Rxf5 22. Qd2 Qb7 23. Ng1 Ng4 24. Kh1 Nce5 25. f3 Ne3 26. Bxd4 Nxf1 27. Rxf1 Qd7
28. c3 Nc6 29. Rd1 Re8 30. Bf2 Qxd2 31. Rxd2 a5 32. bxa5 Nxa5 33. b4 Nc4 34.
Rd3 Ne5 35. Rd5 Ng4 36. Rxf5 Nxf2+ 37. Kg2 gxf5 38. Kxf2 Kg7 39. Ne2 Kf6 40.
Nd4 Re5 41. f4 Rd5 1/2-1/2

[Event "First Saturday 2008 oktober GM"]
[Site "Budapest"]
[Date "2008.10.10"]
[Round "7"]
[White "Kahn, Evart dr"]
[Black "Farago, Ivan"]
[Result "0-1"]
[WhiteElo "2297"]
[BlackElo "2489"]
[PlyCount "38"]
[EventDate "2008.10.04"]

1. e4 c5 2. Nf3 e6 3. d4 cxd4 4. Nxd4 a6 5. Bd3 Nf6 6. O-O Qc7 7. Kh1 d6 8. f4
Be7 9. Nc3 Nbd7 10. g4 Nc5 11. g5 Nfd7 12. f5 Ne5 13. Bf4 Bd7 14. fxe6 fxe6 15.
Bxe5 dxe5 16. Nb3 O-O-O 17. Nxc5 Qxc5 18. Rf7 Be8 19. Rxg7 Bf8 0-1

[Event "First Saturday 2008 oktober GM"]
[Site "Budapest"]
[Date "2008.10.11"]
[Round "8"]
[White "Horvath, Peter"]
[Black "Collins, Sam"]
[Result "0-1"]
[WhiteElo "2473"]
[BlackElo "2412"]
[PlyCount "86"]
[EventDate "2008.10.04"]

1. d4 d5 2. c4 c6 3. Nf3 Nf6 4. Nc3 a6 5. Ne5 Nbd7 6. Bf4 dxc4 7. Nxc4 Nd5 8.
Bd2 g6 9. e4 Nxc3 10. Bxc3 Bg7 11. a4 O-O 12. a5 Qc7 13. Be2 Rd8 14. O-O Nc5
15. Bf3 Rb8 16. Nb6 Be6 17. Ra3 Nd7 18. d5 Ne5 19. Qe2 Bc8 20. Rd1 Bd7 21. g3
h5 22. Bg2 Bg4 23. f3 Bd7 24. h3 Be8 25. f4 Nd7 26. Bxg7 Kxg7 27. Qe3 Nxb6 28.
axb6 Qd6 29. e5 Qb4 30. Rb3 Qa4 31. f5 cxd5 32. fxg6 fxg6 33. e6 d4 34. Qe5+
Kh7 35. Rbd3 Bc6 36. Qg5 Bxg2 37. Qxe7+ Kh6 38. Kxg2 Qc6+ 39. Kh2 Rf8 40. R3d2
Qxb6 41. h4 Rbe8 42. Qg5+ Kh7 43. e7 Rf5 0-1

[Event "First Saturday 2008 oktober GM"]
[Site "Budapest"]
[Date "2008.10.11"]
[Round "8"]
[White "Farago, Ivan"]
[Black "Pitl, Gregory"]
[Result "0-1"]
[WhiteElo "2489"]
[BlackElo "2405"]
[PlyCount "38"]
[EventDate "2008.10.04"]

1. d4 d5 2. c4 c6 3. Nf3 Nf6 4. Nc3 dxc4 5. a4 Bf5 6. Ne5 e6 7. f3 c5 8. dxc5
Qxd1+ 9. Kxd1 Bxc5 10. e4 Bg6 11. Bxc4 O-O 12. Ke2 Rc8 13. Rd1 Nc6 14. Nxc6
Rxc6 15. a5 a6 16. Na4 Nxe4 17. fxe4 Bh5+ 18. Ke1 Bb4+ 19. Bd2 Rxc4 0-1

[Event "First Saturday 2008 oktober GM"]
[Site "Budapest"]
[Date "2008.10.11"]
[Round "8"]
[White "Seres, Lajos"]
[Black "Kahn, Evart dr"]
[Result "1/2-1/2"]
[WhiteElo "2458"]
[BlackElo "2297"]
[PlyCount "24"]
[EventDate "2008.10.04"]

1. e4 c5 2. Nf3 d6 3. d4 cxd4 4. Nxd4 Nf6 5. Nc3 g6 6. Be3 Bg7 7. f3 O-O 8. Qd2
Nc6 9. Bc4 Bd7 10. O-O-O Qb8 11. h4 b5 12. Bb3 a5 1/2-1/2